|
|
|
|
| LEADER |
00000nam0a2200000 4500 |
| 001 |
283546 |
| 005 |
20231101235616.0 |
| 020 |
|
|
|a RU
|b 84-71461
|
| 035 |
|
|
|a (RuTPU)RU\TPU\book\307659
|
| 090 |
|
|
|a 283546
|
| 100 |
|
|
|a 20150207d1984 m y0rusy5003 ca
|
| 101 |
0 |
|
|a rus
|
| 102 |
|
|
|a RU
|
| 105 |
|
|
|a a j 001zy
|
| 200 |
1 |
|
|a Современные сверхвысоковакуумные уплотнения
|e учебное пособие
|f Б. Г. Львов, А. С. Шувалов
|
| 210 |
|
|
|a Москва
|c Высшая школа
|d 1984
|
| 215 |
|
|
|a 71 с.
|c ил.
|
| 225 |
1 |
|
|a Профтехобразование
|
| 320 |
|
|
|a Библиогр.: с. 70
|
| 606 |
1 |
|
|a Сверхвысоковакуумная техника
|2 stltpush
|3 (RuTPU)RU\TPU\subj\54090
|9 72252
|
| 610 |
1 |
|
|a вакуумное оборудование
|
| 610 |
1 |
|
|a уплотнения
|
| 610 |
1 |
|
|a разъемные соединения
|
| 610 |
1 |
|
|a конструкции
|
| 610 |
1 |
|
|a изготовление
|
| 610 |
1 |
|
|a эксплуатация
|
| 610 |
1 |
|
|a испытания
|
| 610 |
1 |
|
|a учебные пособия
|
| 675 |
|
|
|a 621.52
|z rus
|v 3
|
| 700 |
|
1 |
|a Львов
|b Б. Г.
|g Борис Глебович
|4 070
|
| 701 |
|
1 |
|a Шувалов
|b А. С.
|g Артур Сергеевич
|4 070
|
| 801 |
|
0 |
|a RU
|b RuMRKP
|c 19950704
|g psbo
|
| 801 |
|
1 |
|a RU
|b 63413507
|c 20150207
|
| 801 |
|
2 |
|a RU
|b 63413507
|c 20170915
|g RCR
|
| 942 |
|
|
|c BK
|